000 00996nam a2200265 i 4500
001 11742
003 ES-MaACL
005 20230906150151.0
007 t|
008 940913s1994 sp |||| |aspa j
020 _a84-87591-42-6
080 _a929 Goldoni, Carlo
080 _a840-94"17"
100 1 _aGoldoni, Carlo (
_d1707-1793)
_957673
245 1 0 _aMemorias del señor Goldoni, para servir a la historia de su vida y a la de su teatro
_b: dedicadas al Rey /
_cintroducción, traducción y notas de Borja Ortiz de Gondra.
260 _aMadrid :
_bAsociación de Directores de Escena de España,
_cD.L. 1994.
300 _a620 p. :
_bil. ;
_c23 cm.
490 1 _aTeoría y práctica del teatro ;
_vn. 3
600 1 4 _aGoldoni, Carlo (
_d1707-1793)
_957673
700 1 _aOrtiz de Gondra, Borja.
_987593
710 2 _aAsociación de Directores de Escena.
_9159413
830 0 _aTeoría y práctica del teatro ;
_vn. 3
_9184218
852 _aES-MaACL
_jL-19039
999 _c11742
_d11742